Movies Quiz

Random Movies Quiz

Ocean's Eleven Quiz Stats

 Plays Quiz not verified by Sporcle

Score 0/11 Timer 03:00
0 Plays Today
Actor Character % Correct
George ClooneyDanny Ocean
99%
Brad PittRusty Ryan
66.7%
Matt DamonLinus Caldwell
62.7%
Bernie MacFrank Catton
57.8%
Shaobo QinYen
52.9%
Casey AffleckVirgil Malloy
48%
Eddie JemisonLivingston Dell
47.1%
Scott CaanTurk Malloy
45.1%
Carl ReinerSaul Bloom
43.1%
Don CheadleBasher Tarr
35.3%
Elliott GouldReuben Tishkoff
30.4%

You're not logged in!

Compare scores with friends on all Sporcle quizzes.
OR
Log In

You Might Also Like...

Show Comments

Extras

Top Quizzes Today


Score Distribution

Your Account Isn't Verified!

In order to create a playlist on Sporcle, you need to verify the email address you used during registration. Go to your Sporcle Settings to finish the process.

Report this User

Report this user for behavior that violates our Community Guidelines.

Details: